Three times a minority / (Record no. 163238)

MARC details
000 -LEADER
fixed length control field 00427nam a22001697a 4500
005 - DATE AND TIME OF LATEST TRANSACTION
control field 20190405122944.0
010 ## - LCCN (DPL NO)
LC control number EN-58154
020 ## - INTERNATIONAL STANDARD BOOK NUMBER
International Standard Book Number 8181571525
Terms of availability 400.00
035 ## - SYSTEM CONTROL NUMBER
System control number EN-58154
037 ## - SOURCE OF ACQUISITION
Source of stock number/acquisition Writers Workshop
082 ## - DEWEY DECIMAL CLASSIFICATION NUMBER
Classification number N
100 ## - MAIN ENTRY--PERSONAL NAME
Personal name Dasgupta, Subrata
245 ## - TITLE STATEMENT
Title Three times a minority /
Statement of responsibility, etc Subrata Desgupta
260 ## - PUBLICATION, DISTRIBUTION, ETC. (IMPRINT)
Place of publication, distribution, etc New Delhi
Name of publisher, distributor, etc Writers Workshop
300 ## - PHYSICAL DESCRIPTION
Extent 335p.
Dimensions 22cm(hbk)
942 ## - ADDED ENTRY ELEMENTS (KOHA)
Source of classification or shelving scheme Dewey Decimal Classification
Item type English Books
Classification part N
Call number suffix DAS
Holdings
Withdrawn status Lost status Not for loan Collection code Home library Current library Date acquired Full call number Barcode Koha item type
    Not For Loan Reference D.B.Act.Division D.B.Act.Division 05/04/2019 N DAS EN-58154 English Books

© Delhi Public Library
Hit Counter
free hit counter